MARC details
| 000 -CABECERA |
| campo de control de longitud fija |
02376nam a2200457 a 4500 |
| 001 - NÚMERO DE CONTROL |
| campo de control |
dia_2759 |
| 003 - IDENTIFICADOR DEL NÚMERO DE CONTROL |
| campo de control |
CHAP |
| 005 - FECHA Y HORA DE LA ÚLTIMA TRANSACCIÓN |
| campo de control |
20250506123822.0 |
| 007 - CAMPO FIJO DE DESCRIPCIÓN FÍSICA--INFORMACIÓN GENERAL |
| campo de control de longitud fija |
ta |
| 008 - DATOS DE LONGITUD FIJA--INFORMACIÓN GENERAL |
| campo de control de longitud fija |
220117s1982 mx a fr 001 0 spa d |
| 010 ## - NÚMERO DE CONTROL DE LA BIBLIOTECA DEL CONGRESO |
| Número de control de LC |
173260 |
| 020 ## - NÚMERO INTERNACIONAL ESTÁNDAR DEL LIBRO |
| Número Internacional Estándar del Libro |
968-24-1137-8 |
| 040 ## - FUENTE DE LA CATALOGACIÓN |
| Centro/agencia transcriptor |
CHAP |
| Centro catalogador/agencia de origen |
mxchpua |
| 041 ## - CÓDIGO DE LENGUA |
| Código de lengua original |
spa |
| 050 1# - SIGNATURA TOPOGRÁFICA DE LA BIBLIOTECA DEL CONGRESO |
| Número de clasificación |
TX541 |
| Número de documento/Ítem |
.M49 1982 |
| 082 ## - NÚMERO DE LA CLASIFICACIÓN DECIMAL DEWEY |
| Número de clasificación |
664.07 |
| Número de documento/Ítem |
M49 1982 |
| Número de edición |
20 |
| 100 1# - ENTRADA PRINCIPAL--NOMBRE DE PERSONA |
| Nombre de persona |
Meyer, Marco R. |
| 9 (RLIN) |
75294 |
| Término indicativo de función/relación |
autor |
| 245 10 - MENCIÓN DE TÍTULO |
| Título |
Control de calidad de productos agropecuarios / |
| Mención de responsabilidad, etc. |
Marco R. Meyer ; colaboración Gaetano Paltrinieri, C. Usami Olmos y J. Medina Figueroa |
| 250 ## - MENCIÓN DE EDICIÓN |
| Mención de edición |
1a edición |
| 264 ## - PRODUCCIÓN, PUBLICACIÓN, DISTRIBUCIÓN, FABRICACIÓN Y COPYRIGHT |
| Producción, publicación, distribución, fabricación y copyright |
México : |
| Nombre del de productor, editor, distribuidor, fabricante |
Trillas, |
| Fecha de producción, publicación, distribución, fabricación o copyright |
1982 |
| 300 ## - DESCRIPCIÓN FÍSICA |
| Extensión |
102 paginas : |
| Otras características físicas |
ilustraciones, diagramas, tablas |
| 336 ## - TIPO DE CONTENIDO |
| Fuente |
rdacontent |
| Término de tipo de contenido |
texto |
| Código de tipo de contenido |
txt |
| 337 ## - TIPO DE MEDIO |
| Fuente |
rdamedia |
| Nombre/término del tipo de medio |
no mediado |
| Código del tipo de medio |
n |
| 338 ## - TIPO DE SOPORTE |
| Fuente |
rdacarrier |
| Nombre/término del tipo de soporte |
volumen |
| Código del tipo de soporte |
nc |
| 490 1# - MENCIÓN DE SERIE |
| Mención de serie |
Manuales para educación agropecuaria : Área industrias rurales (Trillas) |
| Designación de volumen o secuencia |
33 |
| 520 2# - SUMARIO, ETC. |
| Sumario, etc. |
La industria rural juega un papel importante en la transformación de materias primas, tanto de origen animal como vegetal, para obtener mejores productos alimenticios y subproductos. El procesamiento tiene como objetivo la mejor conservación de las materias primas, así como una mayor diversificación en su presentación.<br/>Los manuales Industrias Rurales están dedicados a la elaboración y conservación de productos agropecuarios, los cuales se pueden realizar a pequeña y gran escalas. Los talleres y útiles necesarios en la elaboración y conservación de productos, así como el control de calidad, se encuentran descritos y magníficamente ilustrados en las páginas de estos manuales. |
| 650 13 - PUNTO DE ACCESO ADICIONAL DE MATERIA--TÉRMINO DE MATERIA |
| Término de materia o nombre geográfico como elemento de entrada |
Control de calidad |
| 9 (RLIN) |
147085 |
| 650 13 - PUNTO DE ACCESO ADICIONAL DE MATERIA--TÉRMINO DE MATERIA |
| Término de materia o nombre geográfico como elemento de entrada |
Productos agrícolas |
| Subdivisión general |
Control de calidad |
| 9 (RLIN) |
153451 |
| 650 13 - PUNTO DE ACCESO ADICIONAL DE MATERIA--TÉRMINO DE MATERIA |
| Término de materia o nombre geográfico como elemento de entrada |
Productos lácteos |
| Subdivisión general |
Análisis |
| 9 (RLIN) |
92125 |
| 650 13 - PUNTO DE ACCESO ADICIONAL DE MATERIA--TÉRMINO DE MATERIA |
| Término de materia o nombre geográfico como elemento de entrada |
Agricultural products |
| Subdivisión general |
Quality control |
| 9 (RLIN) |
153449 |
| 650 13 - PUNTO DE ACCESO ADICIONAL DE MATERIA--TÉRMINO DE MATERIA |
| Término de materia o nombre geográfico como elemento de entrada |
Dairy products |
| Subdivisión general |
Analysis |
| 9 (RLIN) |
153450 |
| 650 13 - PUNTO DE ACCESO ADICIONAL DE MATERIA--TÉRMINO DE MATERIA |
| Término de materia o nombre geográfico como elemento de entrada |
Quality control |
| 9 (RLIN) |
147087 |
| 700 1# - PUNTO DE ACCESO ADICIONAL--NOMBRE DE PERSONA |
| Nombre de persona |
Medina Figueroa, J. |
| 9 (RLIN) |
187551 |
| Término indicativo de función/relación |
colaborador |
| 700 1# - PUNTO DE ACCESO ADICIONAL--NOMBRE DE PERSONA |
| Nombre de persona |
Paltrinieri, Gaetano |
| 9 (RLIN) |
85035 |
| Término indicativo de función/relación |
colaborador |
| 700 1# - PUNTO DE ACCESO ADICIONAL--NOMBRE DE PERSONA |
| Nombre de persona |
Olmos, Usami C. R. |
| Término indicativo de función/relación |
colaborador |
| 9 (RLIN) |
187561 |
| 830 #0 - PUNTO DE ACCESO ADICIONAL DE SERIE-TÍTULO UNIFORME |
| 9 (RLIN) |
188867 |
| Título uniforme |
Manuales para educación agropecuaria : Área industrias rurales (Trillas) |
| Designación de volumen o secuencia |
33 |
| 942 ## - ELEMENTOS DE PUNTO DE ACCESO ADICIONAL (KOHA) |
| Tipo de ítem Koha |
Libro |
| Fuente del sistema de clasificación o colocación |
Dewey Decimal Classification |
| 901 ## - ELEMENTOS DE DATOS A LOCAL LDA (RLIN) |
| a |
664.07 M49 1982 |
| 902 ## - ELEMENTOS DE DATOS B LOCAL, LDB (RLIN) |
| a |
M |
| 905 ## - ELEMENTOS DE DATOS E LOCAL, LDE (RLIN) |
| a |
5232271982 mx an 8222223322spa16 |